[Event "POLFINAL MISTRZOSTW POLSKI JUNIOROW 2017 - C15"]
[Site "Jastrzebia Gora"]
[Date "2017-11-19"]
[Round "1.1"]
[White "Galuszka, Tomasz"]
[Black "Distel, Pawel"]
[Result "1-0"]
[WhiteTitle "I"]
[BlackTitle "II+"]
[WhiteElo "1976"]
[BlackElo "1573"]

1. e4 e6 2. d3 d5 3. Nd2 c5 4. Ngf3 Nc6 5. g3 g6 6. Bg2 Bg7 7. O-O Nge7 8. Re1
O-O 9. e5 Qc7 10. Qe2 b5 11. h4 Nf5 12. c3 b4 13. g4 Nfe7 14. Nf1 Rd8 15. Ng3
h6 16. Bf4 bxc3 17. bxc3 Ba6 18. Qd2 Kh7 19. Qc2 Rdc8 20. h5 d4 21. c4 Bb7 22.
g5 hxg5 23. Nxg5+ Kg8 24. Qe2 gxh5 25. Qxh5 Ng6 26. Qh7+ Kf8 27. Qxg6 fxg6 28.
Nxe6+ Ke7 29. Nxc7 Rxc7 30. e6 Rcc8 31. Bg5+ Ke8 32. Be4 Kf8 33. Rab1 Rab8 34.
Bf4 1-0

[Event "POLFINAL MISTRZOSTW POLSKI JUNIOROW 2017 - C15"]
[Site "Jastrzebia Gora"]
[Date "2017-11-19"]
[Round "1.2"]
[White "Markiewicz, Krzysztof"]
[Black "Warchol, Bartosz"]
[Result "0-1"]
[WhiteTitle "II"]
[BlackTitle "I++"]
[WhiteElo "1566"]
[BlackElo "1963"]

1. e4 c5 2. Na3 Nc6 3. Bb5 Qc7 4. c3 a6 5. Bxc6 Qxc6 6. Qe2 Nf6 7. d3 d6 8. h3
b5 9. Nf3 Bb7 10. O-O g6 11. Bf4 Bg7 12. Rfe1 O-O 13. Nc2 Rfd8 14. Rad1 Rac8 15.
e5 Nh5 16. Bh2 dxe5 17. Bxe5 f6 18. Bh2 e5 19. a3 Re8 20. Qd2 Rcd8 21. b4 e4 22.
Nh4 exd3 23. Rxe8+ Qxe8 24. Ne3 c4 25. g4 g5 26. Nhf5 Qe4 27. f3 Qxf3 28. Qg2
Qxd1+ 29. Nxd1 Bxg2 30. Kxg2 Nf4+ 31. Bxf4 gxf4 32. Kf3 Re8 33. Kxf4 Re1 34. Nfe3
Bh6+ 35. Kf3 Bxe3 36. Nxe3 d2 37. Kf2 Rxe3 0-1

[Event "POLFINAL MISTRZOSTW POLSKI JUNIOROW 2017 - C15"]
[Site "Jastrzebia Gora"]
[Date "2017-11-19"]
[Round "1.3"]
[White "Kucharski, Bartlomiej"]
[Black "Cisek, Kamil"]
[Result "1/2-1/2"]
[WhiteTitle "I"]
[BlackTitle "I"]
[WhiteElo "1946"]
[BlackElo "1562"]

1. e4 e5 2. f4 exf4 3. Nf3 d6 4. Bc4 Be6 5. Bxe6 fxe6 6. d4 Nf6 7. Ng5 Qd7 8. d5
e5 9. Nc3 Qg4 10. Qxg4 Nxg4 11. Ne6 Kd7 12. g3 fxg3 13. hxg3 h6 14. O-O Na6 15.
Nxg7 Rg8 16. Rf7+ Be7 17. Nf5 Rae8 18. Kg2 h5 19. Bd2 Rgf8 20. Rxf8 Rxf8 21. Rh1
Nc5 22. Bh6 Rf7 23. Rxh5 Nf6 24. Rh4 Nxd5 25. exd5 Rxf5 26. Rg4 a5 27. Be3 Na6
28. a3 Ke8 29. Ne4 Kf7 30. c4 b6 31. Bh6 Bf6 32. Bd2 Nc5 33. Nxc5 dxc5 34. Re4
Rh5 35. g4 Rh8 36. Bc3 Rg8 37. Kg3 Rg5 38. Re2 Ke7 39. Rf2 Rg6 40. Rf5 Kd6 41.
Bd2 Be7 42. g5 b5 43. b3 a4 44. bxa4 bxc4 45. Kg4 Kxd5 46. Bc3 Rxg5+ 47. Rxg5
Bxg5 48. Kxg5 Kc6 49. Kf5 Kb7 50. Kxe5 Ka8 51. Kd5 c6+ 52. Kxc6 Ka7 53. a5 Ka8
54. a4 Ka7 55. Kc7 Ka8 56. Kc8 Ka7 57. a6 Kxa6 58. a5 1/2-1/2

[Event "POLFINAL MISTRZOSTW POLSKI JUNIOROW 2017 - C15"]
[Site "Jastrzebia Gora"]
[Date "2017-11-19"]
[Round "1.4"]
[White "Zurawicki, Jakub"]
[Black "Strzelecki, Maciej"]
[Result "0-1"]
[WhiteTitle "II+"]
[BlackTitle "I"]
[WhiteElo "1541"]
[BlackElo "1929"]

1. d4 Nf6 2. c4 g6 3. Nc3 Bg7 4. e4 d6 5. Nf3 O-O 6. Be2 e5 7. dxe5 dxe5 8. Qxd8
Rxd8 9. Bg5 Nbd7 10. Nd5 c6 11. Nxf6+ Nxf6 12. O-O Bg4 13. Bxf6 Bxf6 14. Rfd1
Kf8 15. Rxd8+ Rxd8 16. Rd1 Rxd1+ 17. Bxd1 Bg7 18. Kf1 f5 19. h3 Bh5 20. Bc2 Bxf3
21. gxf3 f4 22. Ke2 Bf6 23. Bd3 Be7 24. b3 Kf7 25. Ke1 Ke6 26. Bf1 a5 27. Kd2
Bc5 28. Ke1 Kd6 29. Bd3 Bd4 30. c5+ Kxc5 31. Bc4 Kb4 32. a4 b5 33. axb5 cxb5 34.
Bg8 Kc3 35. Kd1 Kb2 36. Bxh7 Kxb3 37. Bxg6 Kb2 38. h4 Bc5 39. h5 Bf8 40. Kd2 a4
41. Bf7 a3 42. Kd1 b4 0-1

[Event "POLFINAL MISTRZOSTW POLSKI JUNIOROW 2017 - C15"]
[Site "Jastrzebia Gora"]
[Date "2017-11-19"]
[Round "1.5"]
[White "Wierzbicki, Michal"]
[Black "Socha, Kamil"]
[Result "1-0"]
[WhiteTitle "I"]
[BlackTitle "II"]
[WhiteElo "1894"]
[BlackElo "1526"]

1. d4 d5 2. Nf3 Nf6 3. c4 e6 4. Nc3 Be7 5. cxd5 exd5 6. Bg5 c6 7. Qc2 Bg4 8. e3
Nbd7 9. Bd3 Rc8 10. O-O Bxf3 11. gxf3 h6 12. Bf4 O-O 13. Bf5 Re8 14. Kh1 Bf8 15.
Rg1 Kh8 16. Rg2 b6 17. Rag1 c5 18. Be5 cxd4 19. Bxd4 Rc7 20. Bxd7 Rxd7 21. Qf5
Re6 22. Ne2 Rc6 23. Be5 Qc8 24. Nd4 Rd8 25. Qb1 Re6 26. Nxe6 Qxe6 27. Bd4 Nh5
28. Qd1 Qf5 29. f4 Nf6 30. Qb1 Qe6 31. f3 Nh5 32. Rg4 Nf6 33. Rh4 Rd6 34. b3 Rd8
35. Qb2 Be7 36. Rg2 Rc8 37. Rg1 Rd8 38. f5 Qxf5 39. Rf4 Qe6 40. Qg2 Rg8 41. Rh4
Ne8 42. Rg4 Bf6 43. Bxf6 Qxf6 44. Rf4 Qe6 45. Qd2 Nf6 46. Qd4 Re8 47. e4 dxe4
48. fxe4 Qe5 49. Qxe5 Rxe5 50. Re1 Kg8 51. Rf5 Rxe4 52. Rxe4 Nxe4 53. Re5 Nc3
54. a4 Kf8 55. Kg2 Na2 56. Kf3 Nb4 57. Ke2 Nc6 58. Re4 g5 59. Kd3 f6 60. Kc4 Na5+
61. Kb4 Kf7 62. Re3 a6 63. Rc3 Ke6 64. Rh3 Nc6+ 65. Kc3 b5 66. axb5 axb5 67. Rxh6
Ke5 68. Rh7 f5 69. Rc7 Nd8 70. Rc5+ Ke4 71. Rxb5 g4 72. Kd2 f4 73. Ke2 Ne6 74.
Rb4+ Nd4+ 75. Kf2 Kd3 76. Rb8 Kc3 77. b4 Kc4 78. Kg2 Nb5 79. Rf8 Kxb4 80. Rxf4+
Kc5 81. Kg3 Kd6 82. Kxg4 Ke7 83. Kg5 Nc7 84. Kg6 Ne6 85. Re4 Kd7 86. Rxe6 Kxe6
87. h4 Ke7 88. Kg7 1-0

[Event "POLFINAL MISTRZOSTW POLSKI JUNIOROW 2017 - C15"]
[Site "Jastrzebia Gora"]
[Date "2017-11-19"]
[Round "1.6"]
[White "Brzozowski, Pawel"]
[Black "Ossolinski, Ziemowit"]
[Result "0-1"]
[WhiteTitle "II+"]
[BlackTitle "I"]
[WhiteElo "1521"]
[BlackElo "1865"]

1. e4 e5 2. Nf3 Nc6 3. Bb5 a6 4. Ba4 Nf6 5. O-O b5 6. Bb3 Be7 7. c3 O-O 8. d4 d6
9. Re1 Bb7 10. Bg5 h6 11. Bh4 Nd7 12. Bxe7 Qxe7 13. Nbd2 Na5 14. Bc2 c5 15. d5
Nb6 16. b3 Bc8 17. a3 Bd7 18. Rb1 Rfb8 19. Qc1 Qd8 20. Qb2 Nc8 21. Qa2 Ne7 22.
Bd3 Ng6 23. g3 Bg4 24. Kg2 Qc8 25. Ng1 Nb7 26. Rf1 f6 27. h3 Bd7 28. Rbe1 a5 29.
f4 c4 30. bxc4 Nc5 31. Bc2 b4 32. Rb1 bxc3 33. Nb3 Nxb3 34. Bxb3 a4 35. Bc2 exf4
36. gxf4 Rxb1 37. Bxb1 Rb8 38. Rf2 Nxf4+ 39. Kh1 Qb7 40. Bc2 Qb2 41. Qxb2 Rxb2
42. Rh2 Nh5 43. Rg2 Nf4 44. Rh2 Ra2 45. Ne2 Ra1+ 46. Ng1 Nxh3 47. Rg2 Rc1 48.
Bd3 Nf4 49. Rg3 c2 50. Kh2 Nxd3 51. Ne2 Rd1 0-1

[Event "POLFINAL MISTRZOSTW POLSKI JUNIOROW 2017 - C15"]
[Site "Jastrzebia Gora"]
[Date "2017-11-19"]
[Round "1.7"]
[White "Dzwierzynski, Bartosz"]
[Black "Zareba, Maciej"]
[Result "0-1"]
[WhiteTitle "I"]
[BlackTitle "II+"]
[WhiteElo "1851"]
[BlackElo "1517"]

1. d4 d5 2. c4 e6 3. Nc3 Nf6 4. cxd5 exd5 5. Bg5 Be6 6. e3 Be7 7. Bd3 O-O 8. Qc2
h6 9. Bh4 Nfd7 10. Bg3 c5 11. Nf3 Nc6 12. a3 Rc8 13. dxc5 Nxc5 14. O-O d4 15.
exd4 Nb3 16. d5 Nxa1 17. Rxa1 Bxd5 18. Rd1 Na5 19. Bh7+ Kh8 20. Rxd5 Rxc3 21.
Qxc3 Qxd5 22. Bc2 Bf6 23. Be5 Bxe5 24. Nxe5 Nc6 25. Ng4 Qd4 26. Ne3 Qxc3 27. bxc3
Na5 28. Kf1 Rc8 29. Nd5 Rc5 30. Be4 f5 31. Bf3 Nc4 32. g3 Nd2+ 0-1

[Event "POLFINAL MISTRZOSTW POLSKI JUNIOROW 2017 - C15"]
[Site "Jastrzebia Gora"]
[Date "2017-11-19"]
[Round "1.8"]
[White "Gazda, Dominik"]
[Black "Piekielny, Pawel"]
[Result "1-0"]
[WhiteTitle "II+"]
[BlackTitle "I"]
[WhiteElo "1512"]
[BlackElo "1805"]

1. e4 e6 2. d3 d5 3. Nd2 Nf6 4. Ngf3 c5 5. g3 Nc6 6. Bg2 Be7 7. O-O O-O 8. e5 Nd7
9. Re1 Qc7 10. Qe2 b6 11. Nf1 Ba6 12. Bf4 Nd4 13. Nxd4 cxd4 14. Qg4 Rfc8 15. Bxd5
exd5 16. e6 Nf6 17. exf7+ Kf8 18. Qh4 Qd7 19. Be5 Qf5 20. Bxd4 Bc5 21. Ne3 Qg6
22. Bxf6 Qxf6 23. Qxh7 Bxe3 24. Rxe3 Kxf7 25. Qh5+ Kg8 26. Qxd5+ Kh8 27. Re4 g5
28. Re6 Qg7 29. Rae1 Bb7 30. Qf5 Rf8 31. Qh3+ Kg8 32. Re7 Rf7 33. Qe6 Bc8 34.
Re8+ Kh7 35. Rxc8 Rxc8 36. Qxc8 Qf6 37. Re2 Qxb2 38. Qe6 Qa1+ 39. Kg2 Kg7 40.
Qh3 Kg6 41. Re6+ Rf6 42. Qg4 Rxe6 43. Qxe6+ Kh7 44. c4 Kh8 45. Qd5 Qf6 46. Qa8+
Kh7 47. Qxa7+ Kh6 48. Qd7 Qb2 49. a4 Qe2 50. Qc6+ Kg7 51. Qe4 Qd1 52. Qd4+ Kf7
53. Qxb6 Qxd3 54. Qc6 Qc3 55. c5 Qb4 56. Qd5+ Kg6 57. c6 Qxa4 58. c7 Qe8 59. Qb7
g4 60. c8=Q Qxc8 61. Qxc8 1-0

[Event "POLFINAL MISTRZOSTW POLSKI JUNIOROW 2017 - C15"]
[Site "Jastrzebia Gora"]
[Date "2017-11-19"]
[Round "1.9"]
[White "Kukorowski, Jan"]
[Black "Seredyn, Dominik"]
[Result "1-0"]
[WhiteTitle "I"]
[BlackTitle "II"]
[WhiteElo "1797"]
[BlackElo "1472"]

1. e4 c5 2. Nf3 Nc6 3. Bb5 a6 4. Bxc6 dxc6 5. d3 Bg4 6. Nbd2 e6 7. h3 Bh5 8. Nf1
Nf6 9. Ng3 Bg6 10. Ne5 Bd6 11. Nxg6 hxg6 12. O-O Bxg3 13. fxg3 Qd4+ 14. Kh2 O-O-O
15. Qf3 Qe5 16. Kg1 g5 17. g4 Rdf8 18. Be3 Nd7 19. c3 f6 20. a4 Rh6 21. d4 Qc7
22. dxc5 Rfh8 23. Bd4 Nf8 24. e5 Ng6 25. exf6 gxf6 26. Bxf6 Ne5 27. Qe3 Nxg4 28.
Qxe6+ Qd7 29. Qxd7+ Kxd7 30. Bxh8 1-0

[Event "POLFINAL MISTRZOSTW POLSKI JUNIOROW 2017 - C15"]
[Site "Jastrzebia Gora"]
[Date "2017-11-19"]
[Round "1.10"]
[White "Zlotek, Mikolaj"]
[Black "Golecki, Jan"]
[Result "0-1"]
[WhiteTitle "II"]
[BlackTitle "I++"]
[WhiteElo "1463"]
[BlackElo "1796"]

1. e4 c5 2. c3 d5 3. exd5 Qxd5 4. d4 cxd4 5. cxd4 Nc6 6. Nf3 e5 7. dxe5 Qxd1+ 8.
Kxd1 Bg4 9. Be2 O-O-O 10. Ke1 Bb4+ 11. Nc3 Bxf3 12. Bxf3 Nxe5 13. Ke2 Bxc3 14.
bxc3 Nxf3 15. Kxf3 Nf6 16. Be3 Rd3 17. Ke2 Rxc3 18. Rac1 Rc6 19. Bxa7 Kc7 20.
Rhd1 Ra8 21. Bd4 Rxa2+ 22. Kf3 Ra5 23. Re1 Kd7 24. Rxc6 bxc6 25. Bxf6 Rf5+ 26.
Ke3 Rxf6 27. Ra1 Kd6 28. Rc1 Re6+ 29. Kd3 Kd5 30. f4 c5 31. g3 Ra6 32. Ke2 Ra2+
33. Kf3 Ra3+ 34. Kg4 Kd4 35. Rd1+ Rd3 36. Re1 c4 37. Re7 c3 38. Rxf7 c2 39. Rc7
Rc3 0-1

[Event "POLFINAL MISTRZOSTW POLSKI JUNIOROW 2017 - C15"]
[Site "Jastrzebia Gora"]
[Date "2017-11-19"]
[Round "1.11"]
[White "Kulesza, Andrzej"]
[Black "Kinczewski, Franciszek"]
[Result "1-0"]
[WhiteTitle "I"]
[BlackTitle "II"]
[WhiteElo "1784"]
[BlackElo "1448"]

1. e4 e6 2. d4 d5 3. Nd2 c5 4. Ngf3 Nc6 5. exd5 exd5 6. Be2 Be6 7. O-O Qb6 8. dxc5
Bxc5 9. Nb3 Bd6 10. Ng5 Nd8 11. Re1 Nf6 12. Be3 Qc7 13. Bb5+ Nd7 14. h3 O-O 15.
Qd3 h6 16. Nxe6 Nxe6 17. Qxd5 Nf6 18. Qf3 Rad8 19. c4 Nc5 20. Bd4 Nh7 21. Qg4
f6 22. Qg6 Ng5 23. h4 Nge6 24. Rxe6 Nxe6 1-0

[Event "POLFINAL MISTRZOSTW POLSKI JUNIOROW 2017 - C15"]
[Site "Jastrzebia Gora"]
[Date "2017-11-19"]
[Round "1.12"]
[White "Ugrewicz, Ludwik"]
[Black "Kukula, Karol"]
[Result "1/2-1/2"]
[WhiteTitle "II"]
[BlackTitle "I"]
[WhiteElo "1429"]
[BlackElo "1778"]

1. e4 Nf6 2. e5 Nd5 3. d4 d6 4. exd6 exd6 5. c4 Nb6 6. Nf3 Bg4 7. h3 Bh5 8. Be3
Nc6 9. Nc3 Be7 10. b3 O-O 11. Be2 Bf6 12. O-O Re8 13. Qd2 Qd7 14. Rfe1 Bg6 15.
Bd3 Bxd3 16. Qxd3 Nb4 17. Qd2 Nc6 18. a3 a5 19. Bg5 Bxg5 20. Nxg5 h6 21. Nf3 Rad8
22. Rad1 d5 23. c5 Nc8 24. Qf4 N8e7 25. Ne5 Nxe5 26. Rxe5 Ng6 27. Rxe8+ Rxe8 28.
Qf3 c6 29. Kf1 Re6 30. Re1 Rxe1+ 31. Kxe1 Qe8+ 32. Qe3 Qxe3+ 33. fxe3 Kf8 34.
Kf2 Ke7 35. g3 1/2-1/2

[Event "POLFINAL MISTRZOSTW POLSKI JUNIOROW 2017 - C15"]
[Site "Jastrzebia Gora"]
[Date "2017-11-19"]
[Round "1.13"]
[White "Maciejewski, Kamil"]
[Black "Marciniak, Leonard"]
[Result "1/2-1/2"]
[WhiteTitle "I"]
[BlackTitle "II"]
[WhiteElo "1778"]
[BlackElo "1420"]

1. Nf3 d5 2. g3 Nf6 3. Bg2 c6 4. O-O Bf5 5. d3 e6 6. c4 dxc4 7. dxc4 Qxd1 8. Rxd1
Nbd7 9. Nc3 Be7 10. Bf4 Rd8 11. Rac1 O-O 12. Nh4 Bg6 13. Nxg6 hxg6 14. Bc7 Rc8
15. Bd6 Bxd6 16. Rxd6 Rfd8 17. Rcd1 Kf8 18. b3 Ke7 19. R6d4 e5 20. R4d2 Nf8 21.
Na4 Rxd2 22. Rxd2 Ne6 23. Bh3 Rd8 24. Rxd8 Nxd8 25. Nc5 b6 26. Nd3 e4 27. Nb4
c5 28. Nc2 Nc6 29. Kf1 Ne8 30. Ke1 f5 31. Kd2 Nf6 32. Ke3 1/2-1/2

[Event "POLFINAL MISTRZOSTW POLSKI JUNIOROW 2017 - C15"]
[Site "Jastrzebia Gora"]
[Date "2017-11-19"]
[Round "1.14"]
[White "Jankowski, Igor"]
[Black "Zolkiewski, Jakub"]
[Result "0-1"]
[WhiteTitle "II"]
[BlackTitle "I"]
[WhiteElo "1409"]
[BlackElo "1774"]

1. d4 Nf6 2. Bg5 d5 3. e3 Nbd7 4. Nd2 e6 5. Ngf3 Be7 6. Bd3 O-O 7. h4 Re8 8. Qe2
c5 9. c3 Qc7 10. h5 h6 11. Bh4 e5 12. dxe5 Nxe5 13. Nxe5 Qxe5 14. Bg3 Qe6 15.
Nf3 Bd6 16. Bxd6 Qxd6 17. Rd1 Bg4 18. Bc4 Qe6 19. Bb3 Rad8 20. Rh4 Qe7 21. Bxd5
Rxd5 22. Rxd5 Bxf3 23. Qxf3 Nxd5 24. Rg4 Nf6 25. Rg3 Ne4 26. Rg4 Ng5 27. Qe2 Rd8
28. f4 Ne4 29. Qf3 Nf6 30. Rg3 Qd7 31. e4 Qd2+ 32. Kf1 Qc1+ 33. Kf2 Rd2+ 0-1

[Event "POLFINAL MISTRZOSTW POLSKI JUNIOROW 2017 - C15"]
[Site "Jastrzebia Gora"]
[Date "2017-11-19"]
[Round "1.15"]
[White "Rogala, Milosz"]
[Black "Iwanczuk, Krzysztof"]
[Result "0-1"]
[WhiteTitle "II"]
[BlackTitle "II"]
[WhiteElo "1750"]
[BlackElo "1408"]

1. e4 Nf6 2. Nc3 d5 3. exd5 Nxd5 4. Nxd5 Qxd5 5. Nf3 Bg4 6. Be2 Nc6 7. h3 Bh5 8.
d4 O-O-O 9. Be3 e5 10. dxe5 Bxf3 11. Bxf3 Qxe5 12. Qe2 Bb4+ 13. c3 Bxc3+ 14. Kf1
Nd4 15. Bxd4 Qxe2+ 16. Kxe2 Bxd4 17. Rab1 Rhe8+ 18. Kf1 Bf6 19. Re1 Bxb2 20. Rxe8
Rxe8 21. g3 Bc3 22. Kg2 Re1 23. Rxe1 Bxe1 24. Kf1 Bb4 25. Be4 h6 26. Ke2 c6 27.
f3 Kd7 28. Kd3 Kd6 29. g4 Be1 30. Ke2 Bg3 31. Bc2 Ke5 32. Bb3 f5 33. Bc2 fxg4
34. fxg4 g5 35. Bf5 Kd4 36. Kd2 c5 37. Kc2 b5 38. Bd7 b4 39. Kb3 a5 40. Be6 Bd6
41. Bd7 c4+ 42. Kc2 Ke3 43. Bb5 c3 44. Bc4 a4 45. Bd5 Kf2 46. Bc4 Kg3 47. Bf1
b3+ 48. axb3 a3 49. Kb1 Be5 50. Bd3 Kxh3 51. Bf5 a2+ 52. Kxa2 c2 53. Bxc2 Kxg4
54. b4 Kf4 55. Ba4 g4 56. Bc6 h5 57. Kb1 Ke3 58. Kc1 Kf2 59. Kd2 g3 60. b5 g2
0-1

[Event "POLFINAL MISTRZOSTW POLSKI JUNIOROW 2017 - C15"]
[Site "Jastrzebia Gora"]
[Date "2017-11-19"]
[Round "1.16"]
[White "Kutylo, Konrad"]
[Black "Grochol, Kamil"]
[Result "0-1"]
[WhiteTitle "II"]
[BlackTitle "I"]
[WhiteElo "1405"]
[BlackElo "1739"]

1. d4 d5 2. c4 e6 3. Nc3 Nf6 4. Nf3 Be7 5. Bg5 Nbd7 6. e3 c6 7. Bd3 dxc4 8. Bxc4
Nd5 9. Bxe7 Qxe7 10. Qe2 O-O 11. O-O Nxc3 12. bxc3 e5 13. e4 Re8 14. d5 Nb6 15.
Bb3 Bg4 16. Qe3 Rac8 17. c4 cxd5 18. cxd5 Bxf3 19. Qxf3 Nc4 20. Rfd1 Nd6 21. Qe3
Rc7 22. Rac1 Rec8 23. a4 b6 24. f3 Rc5 25. Rxc5 Rxc5 26. Rc1 Qc7 27. Rxc5 bxc5
28. Qc3 c4 29. Kf1 Qb6 30. Bxc4 Qc7 31. Qxe5 Qxc4+ 32. Kf2 Qc7 33. Qd4 Qb6 34.
Qxb6 axb6 35. e5 Nc4 36. f4 Nb2 37. Ke3 Nxa4 38. Kd4 Nb2 39. d6 Kf8 40. Kd5 Ke8
41. Kc6 Kd8 42. f5 Nd3 43. e6 fxe6 44. fxe6 Nf4 45. e7+ Ke8 46. g3 Ne6 47. Kd5
Nc5 48. Kc6 Nd7 49. g4 g5 50. h3 h6 51. Kd5 b5 52. Kd4 Nf6 53. Ke5 Kf7 54. e8=Q+
Nxe8 55. d7 Ke7 56. dxe8=Q+ Kxe8 57. Kd5 Ke7 58. Kc5 Ke6 59. Kxb5 Kd5 60. Kb4
Ke4 61. Kc4 Kf4 62. Kd4 Kg3 63. Ke3 Kxh3 64. Kf3 Kh4 0-1

[Event "POLFINAL MISTRZOSTW POLSKI JUNIOROW 2017 - C15"]
[Site "Jastrzebia Gora"]
[Date "2017-11-19"]
[Round "1.17"]
[White "Dytman, Radoslaw"]
[Black "Jaszczuk, Mateusz"]
[Result "1-0"]
[WhiteTitle "I"]
[BlackTitle "II+"]
[WhiteElo "1708"]
[BlackElo "1389"]

1. e4 e5 2. Nf3 Nc6 3. c3 Nf6 4. d4 exd4 5. e5 Nd5 6. cxd4 Bb4+ 7. Bd2 Bxd2+ 8.
Nbxd2 O-O 9. Bc4 Nb6 10. Bb3 d5 11. O-O Bf5 12. Re1 g5 13. h3 h5 14. Nf1 g4 15.
Ne3 Be6 16. hxg4 hxg4 17. Nh2 Qh4 18. Nexg4 Kg7 19. Re3 Rh8 20. Rg3 Ne7 21. Qd2
Ng6 22. Rh3 Qe7 23. Rxh8 Rxh8 24. g3 Nd7 25. Re1 c6 26. Bc2 Rh5 27. f4 Bf5 28.
Bxf5 Rxf5 29. Ne3 Rh5 30. g4 Rh3 31. Nf5+ 1-0

[Event "POLFINAL MISTRZOSTW POLSKI JUNIOROW 2017 - C15"]
[Site "Jastrzebia Gora"]
[Date "2017-11-19"]
[Round "1.18"]
[White "Stefanski, Adam"]
[Black "Kopec, Norbert"]
[Result "0-1"]
[WhiteTitle "II+"]
[BlackTitle "II+"]
[WhiteElo "1370"]
[BlackElo "1706"]

1. c4 e5 2. Nc3 Nf6 3. g3 Nc6 4. Bg2 Be7 5. e3 O-O 6. Nge2 Re8 7. O-O d6 8. b3
Bf5 9. d4 Qc8 10. Bb2 Nb4 11. Qd2 c6 12. Na4 Na6 13. dxe5 dxe5 14. Bxe5 Rd8 15.
Qe1 Nb4 16. Nd4 Nd3 17. Qb1 Bg6 18. Bxf6 Bxf6 19. Qd1 c5 20. Ne2 Bxa1 21. Qxa1
Qg4 22. Nf4 Nxf4 23. exf4 Rd2 24. Nxc5 Re8 25. Nxb7 Bd3 26. Re1 Rxe1+ 27. Qxe1
Rd1 28. h3 Rxe1+ 29. Kh2 Qe2 30. Nc5 Qxf2 31. Nxd3 Qg1# 0-1

[Event "POLFINAL MISTRZOSTW POLSKI JUNIOROW 2017 - C15"]
[Site "Jastrzebia Gora"]
[Date "2017-11-19"]
[Round "1.19"]
[White "Sloniewski, Michal"]
[Black "Sapinski, Sebastian"]
[Result "1/2-1/2"]
[WhiteTitle "I"]
[BlackTitle "II"]
[WhiteElo "1694"]
[BlackElo "1361"]

1. d4 Nf6 2. c4 e6 3. Nf3 d5 4. g3 Be7 5. Bg2 Nbd7 6. O-O O-O 7. Nbd2 b6 8. Qc2
Bb7 9. Rd1 c5 10. cxd5 Nxd5 11. dxc5 Nxc5 12. Nb3 Qc7 13. Nxc5 Bxc5 14. e4 Nb4
15. Qb1 Rfd8 16. Bf4 Rxd1+ 17. Qxd1 Qd8 18. a3 Nd3 19. Be3 Bxe3 20. fxe3 Bxe4
21. Qe2 Qc7 22. Rd1 Rd8 23. Ng5 Bxg2 24. Rxd3 Bd5 25. e4 Qc1+ 26. Kg2 Qxg5 27.
exd5 Rxd5 28. Qc2 Rc5 29. Qa4 g6 30. Qe8+ Kg7 31. Qa4 Qe5 32. Rd2 Rd5 33. Rf2
Rd8 34. Qxa7 Qd5+ 35. Kh3 Qh5+ 36. Kg2 Qd5+ 37. Kh3 1/2-1/2

[Event "POLFINAL MISTRZOSTW POLSKI JUNIOROW 2017 - C15"]
[Site "Jastrzebia Gora"]
[Date "2017-11-19"]
[Round "1.20"]
[White "Lesniak, Kacper"]
[Black "Pelka, Michal"]
[Result "1/2-1/2"]
[WhiteTitle "II"]
[BlackTitle "I"]
[WhiteElo "1350"]
[BlackElo "1693"]

1. e4 c5 2. Nc3 e5 3. Nf3 d6 4. Be2 Nf6 5. d3 h6 6. h3 Nc6 7. Be3 Be6 8. Nh2 a6
9. a4 Qc7 10. Ng4 Be7 11. Nxf6+ Bxf6 12. Bg4 Nb4 13. Bxe6 fxe6 14. Rc1 b6 15.
g4 Bh4 16. Rg1 g5 17. Ne2 d5 18. exd5 exd5 19. Ng3 Bxg3 20. Rxg3 d4 21. Bd2 Nc6
22. Qf3 O-O-O 23. c3 Rhf8 24. Qe4 Qd6 25. b4 Qd5 26. Qg6 Rd6 27. Qe4 Qxe4+ 28.
dxe4 d3 29. f3 c4 30. Kf2 Rdf6 31. Be3 Kb7 32. Rh1 Nd8 33. h4 Ne6 34. hxg5 hxg5
35. Rh5 Rd8 36. Ke1 Rg8 37. Rh7+ Kc6 38. Ra7 Nc7 39. Rh3 Rg7 40. Kf2 Rd6 41. Ke1
Rf6 42. Kf2 Rd6 1/2-1/2

[Event "POLFINAL MISTRZOSTW POLSKI JUNIOROW 2017 - C15"]
[Site "Jastrzebia Gora"]
[Date "2017-11-19"]
[Round "1.21"]
[White "Lendzion, Kamil"]
[Black "Sandomierski, Cyprian"]
[Result "1-0"]
[WhiteTitle "II"]
[BlackTitle "II"]
[WhiteElo "1687"]
[BlackElo "1257"]

1. e4 d5 2. exd5 Nf6 3. d4 Nxd5 4. c4 Nf6 5. Nc3 Bf5 6. Nf3 Nbd7 7. Bf4 Nh5 8.
Be3 e6 9. Bd3 Bg6 10. O-O Bd6 11. Be4 Bxe4 12. Nxe4 Nhf6 13. Qd3 Nxe4 14. Qxe4
c6 15. Rad1 Nf6 16. Qd3 O-O 17. a3 Qe7 18. Bg5 Rad8 19. Qe3 h6 20. Bh4 Kh8 21.
h3 Rg8 22. Ne5 g5 23. Bg3 Nh5 24. Rfe1 Nxg3 25. fxg3 c5 26. d5 f6 27. Ng4 h5 28.
Nh6 Rge8 29. dxe6 Be5 30. Nf7+ Kg7 31. Rxd8 Rxd8 32. Nxe5 fxe5 33. Qxe5+ Kg6 34.
Rf1 Re8 35. Qf5+ Kg7 36. Qf7+ Qxf7 37. Rxf7+ Kg6 38. Rxb7 Rxe6 39. Rc7 Rb6 40.
Rxc5 Rxb2 41. Rc7 a5 42. Rc6+ Kf5 43. Rc5+ Kf6 44. Rxa5 Rc2 45. c5 g4 46. h4 Kg6
47. a4 Rc3 48. Kh2 Kf5 49. c6+ Ke4 50. Rxh5 Rxc6 51. Rg5 Ke3 52. Rxg4 1-0

[Event "POLFINAL MISTRZOSTW POLSKI JUNIOROW 2017 - C15"]
[Site "Jastrzebia Gora"]
[Date "2017-11-19"]
[Round "1.22"]
[White "Swiatek, Mateusz"]
[Black "Posluszny, Tomasz"]
[Result "0-1"]
[WhiteTitle "II"]
[BlackTitle "I"]
[WhiteElo "1190"]
[BlackElo "1655"]

1. e4 c5 2. Nf3 Nc6 3. d4 cxd4 4. Nxd4 e5 5. Nf3 Nf6 6. Bg5 h6 7. Bh4 g5 8. Bg3
Nxe4 9. Nxe5 Qa5+ 10. c3 Nxe5 11. Qd4 Nxg3 12. hxg3 Bg7 13. Qe3 O-O 14. Na3 d5
15. O-O-O Ng4 16. Qd2 Be6 17. Kb1 Qb6 18. f4 Nf2 19. Bd3 Nxd1 20. Rxd1 Rac8 21.
Rc1 f6 22. f5 Bf7 23. g4 Rfe8 24. Bb5 Qe3 25. Qc2 Re4 26. Bd7 Rd8 27. Bb5 Rxg4
28. c4 d4 29. Rd1 d3 30. Qd2 Qxd2 31. Rxd2 Re4 32. b4 Bf8 33. Kb2 Bxb4 34. Rd1
Re2+ 35. Kb3 Bxa3 36. Kxa3 d2 37. c5 Re1 0-1

[Event "POLFINAL MISTRZOSTW POLSKI JUNIOROW 2017 - C15"]
[Site "Jastrzebia Gora"]
[Date "2017-11-19"]
[Round "1.23"]
[White "Chaczynski, Kamil"]
[Black "Wilgosz, Jan"]
[Result "1-0"]
[WhiteTitle "I"]
[BlackTitle "II"]
[WhiteElo "1649"]
[BlackElo "1144"]

1. e4 e5 2. Nf3 Nc6 3. Nc3 Nf6 4. Bb5 Bb4 5. d3 Nd4 6. Bc4 d6 7. a3 Ba5 8. h3 Be6
9. Bxe6 fxe6 10. Bd2 O-O 11. Nxd4 exd4 12. Ne2 Bxd2+ 13. Qxd2 c5 14. f4 b5 15.
g4 a5 16. Rg1 d5 17. e5 Nd7 18. O-O-O Nb6 19. f5 exf5 20. gxf5 Rxf5 21. Qh6 Ra7
22. Nf4 Rxe5 23. Ne6 Rxe6 24. Qxe6+ Kh8 25. Rdf1 Na4 26. Rf7 Rxf7 27. Qxf7 Qg8
28. Qe7 c4 29. Rf1 h6 30. Rf8 c3 31. Rxg8+ Kxg8 32. b3 Nb2 33. Qd8+ Kf7 34. Qxd5+
Kf6 35. Qxd4+ Kf5 36. Qxc3 Nxd3+ 37. Qxd3+ Kf4 38. Qd5 Kg3 39. Qf5 g5 40. Qg4+
Kf2 41. Kd2 Kf1 42. Ke3 h5 43. Qg3 h4 44. Qf2# 1-0

[Event "POLFINAL MISTRZOSTW POLSKI JUNIOROW 2017 - C15"]
[Site "Jastrzebia Gora"]
[Date "2017-11-19"]
[Round "1.24"]
[White "Dziodko, Mateusz"]
[Black "Bojczewski, Mateusz"]
[Result "1/2-1/2"]
[WhiteTitle "II"]
[BlackTitle "II"]
[WhiteElo "1075"]
[BlackElo "1634"]

1. e4 c6 2. Nf3 d5 3. exd5 cxd5 4. d4 Nc6 5. c3 Nf6 6. Bb5 Bg4 7. h3 Bh5 8. g4
Bg6 9. Ne5 Qb6 10. Qa4 Rc8 11. Nd2 a6 12. Bxc6+ bxc6 13. f4 e6 14. Qb3 Qa7 15.
Qa4 Qb6 16. Qb3 Qb5 17. Rf1 Bd6 18. Qxb5 cxb5 19. a4 b4 20. c4 dxc4 21. Ndxc4
Bb8 22. Bd2 Nd5 23. Rc1 O-O 24. Nd7 Rfd8 25. Nxb8 Rxb8 26. Ne5 Rbc8 27. Nc6 Rd6
28. Ne5 Rxc1+ 29. Bxc1 Nb6 30. a5 Nd7 31. Nxd7 Rxd7 32. Be3 Rd5 33. Ke2 Rxa5 34.
Rc1 h6 35. Rc4 Rb5 36. Rc6 a5 37. Kd2 Kf8 38. Rc5 Rxc5 39. dxc5 Ke7 40. c6 Kd6
41. Bb6 Kxc6 42. Bxa5 Kb5 43. Bc7 Be4 44. Bd6 g5 45. fxg5 hxg5 46. Bg3 f5 47.
gxf5 exf5 48. Be5 Kc4 49. Bf6 g4 50. hxg4 fxg4 51. Ke1 g3 52. Kf1 Kd3 53. Kg1
Ke3 1/2-1/2

[Event "POLFINAL MISTRZOSTW POLSKI JUNIOROW 2017 - C15"]
[Site "Jastrzebia Gora"]
[Date "2017-11-19"]
[Round "2.1"]
[White "Kopec, Norbert"]
[Black "Galuszka, Tomasz"]
[Result "1-0"]
[WhiteTitle "II+"]
[BlackTitle "I"]
[WhiteElo "1706"]
[BlackElo "1976"]

1. e4 c6 2. Nf3 d5 3. Nc3 Bg4 4. exd5 cxd5 5. d4 Nc6 6. Be2 Nf6 7. O-O e6 8. h3
Bh5 9. Bf4 Be7 10. Re1 O-O 11. Ne5 Bxe2 12. Rxe2 Rc8 13. Re3 Qb6 14. Rd3 Rfd8
15. Nxc6 Qxc6 16. Rg3 b5 17. Bh6 Ne8 18. Rc1 b4 19. Ne2 Kf8 20. Bf4 Qa4 21. Qd3
Nf6 22. Bg5 Qxa2 23. b3 h6 24. Bxf6 Bxf6 25. c3 bxc3 26. Nxc3 Qxb3 27. Rb1 Qc4
28. Qh7 Bxd4 29. Nb5 Be5 30. Re3 Qxb5 31. Rxe5 Qc4 32. Qh8+ Ke7 33. Qxg7 Qf4 34.
Rbe1 Rd6 35. g3 Qf6 36. Qg4 Rc2 37. Qd4 Rd7 38. f4 Qg6 39. Qb4+ Kf6 40. g4 Qd3
41. g5+ hxg5 42. Rxe6+ fxe6 43. Qf8+ Rf7 44. Qh6+ Ke7 45. Qxe6+ Kf8 46. Qh6+ Rg7
47. Qh8+ Kf7 48. Qe8+ 1-0